[Event "Catalunya-chT"]
[Site "Spain"]
[Date "2003.??.??"]
[Round "1"]
[White "Guixa Ribes, Josep"]
[Black "Gutierrez Lago, Adrian"]
[Result "1/2-1/2"]
[WhiteElo "2055"]
[BlackElo "1945"]
[PlyCount "67"]
[EventDate "2003.??.??"]
[EventType "team"]
[EventRounds "9"]
[EventCountry "ESP"]
[SourceTitle "EXT 2007"]
[Source "ChessBase"]
[SourceDate "2006.11.23"]
[SourceVersion "1"]
[SourceVersionDate "2006.11.23"]
[SourceQuality "1"]

1. c4 e6 2. Nc3 d5 3. cxd5 exd5 4. d4 c6 5. Nf3 Bd6 6. Bg5 f6 7. Bh4 Ne7 8. Bg3 0-0 9. e3 Bf5 10. Bd3 Bxd3 11. Qxd3 Na6 12. a3 Nc7 13. b4 a6 14. 0-0 Qd7 15. Na4 Rae8 16. Nb6 Qd8 17. Bxd6 Qxd6 18. Na4 Ne6 19. Nc5 Rb8 20. Rfe1 Rfe8 21. g3 Nc7 22. Kg2 Ng6 23. h4 Nf8 24. h5 b6 25. Nxa6 Nxa6 26. Qxa6 b5 27. Rec1 Rec8 28. Rc3 Ra8 29. Qb7 Nd7 30. Rac1 Rab8 31. Qa6 Nb6 32. Qa7 Nd7 33. Qa6 Nb6 34. Qa7 1/2-1/2

[Event "Catalunya-chT"]
[Site "Barcelona"]
[Date "2002.??.??"]
[Round "9"]
[White "Gutierrez Lago, Adrian"]
[Black "Sanchez Casabona, Antoni"]
[Result "1-0"]
[WhiteElo "1945"]
[BlackElo "1975"]
[PlyCount "77"]
[EventDate "2002.??.??"]
[EventType "team"]
[EventRounds "9"]
[EventCountry "ESP"]
[SourceTitle "EXT 2008"]
[Source "ChessBase"]
[SourceDate "2007.11.25"]
[SourceVersion "1"]
[SourceVersionDate "2007.11.25"]
[SourceQuality "1"]

1. d4 d5 2. c4 e6 3. Nc3 Nf6 4. Nf3 Nc6 5. Bg5 h6 6. Bh4 Be7 7. e3 Bd7 8. Be2 0-0 9. 0-0 dxc4 10. Bxc4 a6 11. Rc1 b5 12. Bd3 Rc8 13. Bb1 Re8 14. Re1 Nd5 15. Bxe7 Ncxe7 16. Ne4 Ra8 17. Nc5 Bc8 18. Ne5 Nf6 19. Qc2 Nf5 20. Nc6 Qd6 21. Ne4 Nxe4 22. Qxe4 Bb7 23. g4 g6 24. gxf5 exf5 25. Ne7+ Qxe7 26. Qxb7 Rec8 27. Rc5 Qd6 28. Qc6 Qd8 29. Rec1 Kg7 30. Qg2 Kf8 31. Rc6 Qd7 32. Qh3 Kg7 33. Qg3 Ra7 34. R1c5 Kf8 35. h4 Qe7 36. h5 Qg5 37. Qxg5 hxg5 38. hxg6 fxg6 39. Rxg6 1-0

[Event "Catalunya-chT"]
[Site "Barcelona"]
[Date "2002.??.??"]
[Round "8"]
[White "Villares Galiano, Jose Maria"]
[Black "Gutierrez Lago, Adrian"]
[Result "1/2-1/2"]
[WhiteElo "2125"]
[BlackElo "1945"]
[PlyCount "69"]
[EventDate "2002.??.??"]
[EventType "team"]
[EventRounds "9"]
[EventCountry "ESP"]
[SourceTitle "EXT 2008"]
[Source "ChessBase"]
[SourceDate "2007.11.25"]
[SourceVersion "1"]
[SourceVersionDate "2007.11.25"]
[SourceQuality "1"]

1. e4 e6 2. d4 d5 3. Nc3 Nf6 4. e5 Nfd7 5. f4 c5 6. Nf3 b6 7. Be3 Ba6 8. Bxa6 Nxa6 9. 0-0 g6 10. Qe2 Nb4 11. Nd1 Be7 12. c3 Nc6 13. Nf2 0-0 14. Ng5 Kg7 15. Qg4 Rc8 16. Nf3 Rh8 17. Nd3 h6 18. Rac1 a6 19. Rfd1 Qc7 20. Nh4 Bxh4 21. Qxh4 c4 22. Nf2 Qd8 23. Qg4 Ne7 24. Nh3 Nf5 25. Qf3 Nxe3 26. Qxe3 Nb8 27. Rf1 Nc6 28. g4 h5 29. g5 Ne7 30. Nf2 Nf5 31. Qh3 b5 32. Nd1 a5 33. Ne3 Nxe3 34. Qxe3 Qd7 35. Rf2 1/2-1/2